STN EN 300 462-1-1 V1.1.1 Prenos s multiplaxovanie (TM) kmeňové požiadavky na synchronizačné siete Časť 1-1: definície a terminológia synchronizačných sietí

Bibliographic Details
Format: Book
Language:Undetermined
Published: Bratislava Slovenský ústav technickej normalizácie 2003
Subjects:

MARC

LEADER 00000nam a2200000 a 4500
001 vtls001469472
003 SK-MaSNL
005 20260301073750.0
008 160624s2003 xo 0 und
035 |a SNK000424777 
040 |a SNK  |b slo  |c SNK  |e AACR2 
044 |a xo  |c SK 
245 1 |a STN EN 300 462-1-1 V1.1.1 Prenos s multiplaxovanie (TM)  |b kmeňové požiadavky na synchronizačné siete  |n Časť 1-1:  |p definície a terminológia synchronizačných sietí 
260 |a Bratislava  |b Slovenský ústav technickej normalizácie  |c 2003 
500 |a Táto norma nahrádza anglickú verziu STN EN 300 462-1-1 V1.1.1 z novembra 2000 v celom rozsahu 
655 7 |a normy  |2 SNK  |9 70643 
999 |c 645106  |d 647036 
952 |t P60, <03>, [BOOK], {603}  |a SNK  |b SNK  |y PREZ  |7 0  |p 17A0415103  |o snkSTN EN 300 462-1-1 V1.1.1  |i snkN 597/2004  |0 0  |1 0  |4 0  |d 2004-02-25  |l 0  |r 2005-01-02 00:00:00  |w 2026-02-23 
952 |t P66, <07>, [BOOK], {667}  |a SNK  |b SNK  |y PREZ  |7 0  |p 17A0415104  |o snkSTN EN 300 462-1-1 V1.1.1 D1  |i snkN 598/2004  |0 0  |1 0  |4 0  |d 2004-02-25  |l 0  |r 2005-01-02 00:00:00  |w 2026-02-23